Normal view
MARC view
- Schmidt, C. P.
Entry Personal Name
001 - CONTROL NUMBER
- control field: 6731
003 - CONTROL NUMBER IDENTIFIER
- control field: OSt
005 - DATE AND TIME OF LATEST TRANSACTION
- control field: 20170522112356.0
008 - FIXED-LENGTH DATA ELEMENTS
- fixed length control field: 170522|| aca||aabn | a|a d
040 ## - CATALOGING SOURCE
- Original cataloging agency: OSt
- Transcribing agency: OSt
100 ## - HEADING--PERSONAL NAME
- Personal name: Schmidt, C. P.
670 ## - SOURCE DATA FOUND
- Source citation: Work cat.: (OSt): Eppen, Gary D., 1936- 6728, Introductory management science / , c1987

PORTAL AKMAL
E-MEL JKDM
AKMAL2U
G-BAM
u-PUSTAKA